Quizzes
Events
Quiz Creation
Community
Videos
Private Events
Remove Ads
Sign In
Join for FREE
Feedback
Dark Mode
Quiz Categories
Sports
Geography
Music
Movies
Television
Just For Fun
Miscellaneous
History
Literature
Language
Science
Gaming
Entertainment
Religion
Holiday
For Kids
Quiz Lab
Recent
Popular Today
Quiz Kudos Today
Editor Picks
Curator Picks
Quizzes by...
Day
Popularity
Type
Ratings
Length
Year
Community
Subscriptions
Recent Discussions
Orange Saloon
Badges
Playlists
Quests
Create
Leaderboards
Showdown
Live 5
Trivia Bingo
Activity
Puzzle Library
Sporcle Events
Private Events
Virtual Trivia
Globe League
Become a Host
Pub Owners
SporcleCon
Opinionation
Our Games
Videos
Blog
Mobile Apps
Partnerships
Remove Ads and Go Orange
Feedback
Gaming
Video Games
Board Games
Card Games
Pokémon
Mario
Nintendo
Minecraft
Console
Toys
Legend of Zelda
Gaming
Video Games
Board Games
Card Games
Pokémon
Mario
Nintendo
Minecraft
Console
Toys
Legend of Zelda
Random Quiz
Search Sporcle
×
Quiz Lab
Quiz Lab
Gaming
Variation
Type in answers that appear in a list
Type in answers that appear in a list
Classic
Best Score? Go Orange.
Name the MKX Kharacter from one of their variations Stats
Can you Name the MKX Kharacter from one of their variations?
By
Alex3857
10m
27 Questions
134 Plays
134 Plays
134 Plays
Comments
Comments
Give Quiz Kudos
Give Quiz Kudos
-
- Ratings
hide this ad
Random Order
Randomize order of answers
Randomize order of answers
Replay
Link that replays current quiz
Next Quiz
Link to next quiz in quiz playlist
You Got
0%
They Got
Avg Score
82%
Avg Friend Score
Upgrade to see
Score Distribution
Jump to the score distribution portion of the page
Score
0/27
Timer
10:00
0
Plays Today
Variation
Kharacter
% Correct
Nimble
Reptile
92.5%
A-
List
Johnny Cage
91%
Inferno
Scorpion
91%
Hollywood
Cassie Cage
88.8%
Wrestler
Jax
88.8%
Unbreakable
Sub-Zero
88.1%
Possessed
Kenshi
86.6%
Master of Souls
Ermac
85.1%
Dualist
Liu Kang
85.1%
Demolition
Sonya Blade
84.3%
Outlaw
Erron Black
83.6%
Cutthroat
Kano
83.6%
Mournful
Kitana
83.6%
Tempest
Kung Lao
82.8%
Variation
Kharacter
% Correct
Piercing
Mileena
82.1%
Summoner
Quan Chi
82.1%
Imposter
Shinnok
82.1%
Displacer
Raiden
80.6%
Ronin
Takeda
80.6%
War God
Kotal Kahn
79.9%
Venomous
D'Vorah
76.9%
Dragon Fangs
Goro
76.9%
Ancestral
Kung Jin
75.4%
Relentless
Jason Voorhees
73.1%
High Tech
Jacqui Briggs
72.4%
Pyromancer
Tanya
70.1%
Ruthless
Ferra & Torr
67.9%
Quiz Playlist
Details
Report
Send in Message
Add To Playlist
Classic:
Type in answers that appear in a list
Random Order:
Randomize order of answers
Last Updated: Feb 16, 2017
Quiz Scoreboard
CHALLENGE
Sign Up to Join the Scoreboard
Show All
Scores
Hide
Comments
May contain spoilers
Recently Published
Presidents Visiting Landmarks
by Hejman
History
7m
An Introduction to Baseball
by treessimontrees
Sports
5m
Movies - When Are They Set?
by FPL_Elf
Movies
5m
More to Explore
Quiz From the Vault
Featured Blog Post
Where Did the Easter Bunny Come From?
hide this ad
You Might Also Like...
Tags
Variation
Today's Top Quizzes in Gaming
Browse Gaming
hide this ad
Today's Top Quizzes in Variation
Browse Variation
Top Contributed Quizzes in Gaming
1
5-to-1: Consoles
2
5-to-1: Legend of Zelda
3
7-to-1: Board Game Piece Blitz
4
Destiny 2 exotic weapons by perk icons
5
Ultimate Genshin Impact Logic Puzzle (up to 4.3)
6
Franchise by Action Figure
7
Genshin Impact Logic Puzzle Quiz
8
Who's on the WWE 2K24 Cover?
9
Overwatch Logic Puzzle
10
League of Legends Pro Players by Career/Team History
Explore More
Trending Topics
Disney
Anime
NBA
Harry Potter
Crossword
Kpop
Marvel
NFL
Song
Country
WWE
Pokémon
Soccer
Puzzle
The Office
hide this ad
More By:
Alex3857
Quiz
Plays
Rating
Category
Featured
Created
WWE Catchphrases
307
1.25
Sports
Jun 15, 2015
Name the Diva Theme Song (WWE)
261
2.67
Sports
Jun 2, 2015
Name the Diva from the Title of their Theme
236
4.00
Sports
Jun 11, 2015
Lyrics to the Bella Twins Theme
213
3.00
Sports
Jun 15, 2015
Batman Villains by Real Name
177
5.00
Just For Fun
Jul 4, 2015
Go to Creator's Profile
Score Distribution
Quiz Creator Spotlight
Alex3857
Follow
Send a Message
Quizzes Created
-
Created Quiz Play Count
-
More By This Creator
Popular Quizzes Today
1
Find the US States - No Outlines Minefield
2
Find the Countries of Europe - No Outlines Minefield
3
The Countries of the World
4
Find the US States
5
Popular People in 1961
6
US States
7
Risky Map Clicking: Biggest States A-Z
8
Movies - When Are They Set?
More Gaming Quizzes
Christmas Pick: Board Games
Quiz Lab
Trending Quizzes
Risky Map Clicking: Least Populous States A-Z
1-10 Letter G Words
1-10 Letter F Words
Risky Map Clicking: Next State Alphabetically
Risky Map Clicking: Biggest States A-Z
Recently Updated
Leaping Animals
pecheneg
Reality TV Shows (A-Z)
bhenderson79
Rickey Henderson's Hall of Fame Teammates
pecheneg
Champions League XIs: Arsenal
pecheneg
Quick Pick: Celebrities in WWE's Hall of Fame
aduchscher
A-Z Keypad Blitz II
pecheneg
Multiple Oscar Actors
pecheneg
Mystery Phrase Blitz: Oscar 'Best Actors'
pecheneg
F. Scott Fitzgerald Novels
LTH
Pick 3 Villains
ddd62291
Trending Topics
Anime
Marvel
NBA
Harry Potter
Disney
Kpop
Crossword
Pokémon
Country
Soccer
NFL
Song
WWE
Puzzle
The Office
Your Account Isn't Verified!
In order to create a playlist on Sporcle, you need to verify the email address you used during registration. Go to your
Sporcle Settings
to finish the process.
Report this User
Report this user for behavior that violates our
Community Guidelines
.
Details:
Send Report
Go to the Sporcle.com Mobile Site →
Comments